000 00266nam a2200109Ia 4500
008 220204s9999 xx 000 0 und d
082 _a301
_bJOH
100 _aJohnson, J M
245 0 _aDoing field research
260 _aLondon
_bCollier Macmillan
_c1975
942 _cBK
999 _c29889
_d29889